Construction cost management : (Record no. 19227)
[ view plain ]
| 000 -LEADER | |
|---|---|
| fixed length control field | 01948cam a22002895a 4500 |
| 001 - CONTROL NUMBER | |
| control field | 17689263 |
| 005 - DATE AND TIME OF LATEST TRANSACTION | |
| control field | 20160503145301.0 |
| 008 - FIXED-LENGTH DATA ELEMENTS--GENERAL INFORMATION | |
| fixed length control field | 130408s2013 enka frb 001 0 eng d |
| 020 ## - INTERNATIONAL STANDARD BOOK NUMBER | |
| International Standard Book Number | 9780415629133 (paperback : alkaline paper) |
| 040 ## - CATALOGING SOURCE | |
| Original cataloging agency | DLC |
| Transcribing agency | DLC |
| Modifying agency | DLC |
| -- | EG-ScBUE |
| Language of cataloging | eng |
| 082 04 - DEWEY DECIMAL CLASSIFICATION NUMBER | |
| Classification number | 624.0681 |
| Edition number | 22 |
| Item number | POT |
| 100 1# - MAIN ENTRY--PERSONAL NAME | |
| Personal name | Potts, Keith F. |
| 9 (RLIN) | 37737 |
| 245 10 - TITLE STATEMENT | |
| Title | Construction cost management : |
| Remainder of title | learning from case studies / |
| Statement of responsibility, etc | Keith Potts and Nii Ankrah. |
| 250 ## - EDITION STATEMENT | |
| Edition statement | 2nd ed. |
| 260 ## - PUBLICATION, DISTRIBUTION, ETC. (IMPRINT) | |
| Place of publication, distribution, etc | Oxon ; |
| -- | New York : |
| Name of publisher, distributor, etc | Routledge / Taylor & Francis Group, |
| Date of publication, distribution, etc | 2013. |
| 300 ## - PHYSICAL DESCRIPTION | |
| Extent | xix, 367 p. : |
| Other physical details | ill. ; |
| Dimensions | 26 cm. |
| 500 ## - GENERAL NOTE | |
| General note | Index : p. 359-367. |
| 504 ## - BIBLIOGRAPHY, ETC. NOTE | |
| Bibliography, etc | Includes bibliographical references. |
| 505 0# - FORMATTED CONTENTS NOTE | |
| Formatted contents note | Part 1. Introduction -- Introduction and Overview -- Reports and Recommendations -- Part 2. Management of the Pre-contract Stage -- Selecting the Cosultants and Contractors -- Pre-contract Cost Management -- Cost Management on PFI Projects -- Contractor's Estimating and Tendering -- Part 3. Key Tools and Techniques -- Value Management -- Risk Management -- Whole-life Costing -- Part 4. Procurement Strategies -- Organizational Methods -- Organizational Methods -- Payment Systems and Contract Administration -- Part 5. Management of the Post-contract Stage -- Contractors' Cost Control and Monitoring Procedures -- Change Management : Valuing Variations -- Claims Management -- Part 6. Contracts and Case Studies -- The Engineering and Construction Contract -- FIDIC Standard Forms of International Construction Contract -- Case Study: Heathrow Terminal. |
| 650 #7 - SUBJECT ADDED ENTRY--TOPICAL TERM | |
| Topical term or geographic name as entry element | Construction industry |
| General subdivision | Costs. |
| Source of heading or term | BUEsh |
| 9 (RLIN) | 34866 |
| 650 #7 - SUBJECT ADDED ENTRY--TOPICAL TERM | |
| Topical term or geographic name as entry element | Construction industry |
| General subdivision | Cost control. |
| Source of heading or term | BUEsh |
| 9 (RLIN) | 32855 |
| 650 #7 - SUBJECT ADDED ENTRY--TOPICAL TERM | |
| Topical term or geographic name as entry element | Construction industry |
| General subdivision | Costs |
| Form subdivision | Case studies. |
| Source of heading or term | BUEsh |
| 9 (RLIN) | 37738 |
| 650 #7 - SUBJECT ADDED ENTRY--TOPICAL TERM | |
| Topical term or geographic name as entry element | Construction industry |
| General subdivision | Cost control |
| Form subdivision | Case studies. |
| Source of heading or term | BUEsh |
| 9 (RLIN) | 37739 |
| 653 ## - INDEX TERM--UNCONTROLLED | |
| Resource For college | Engineering, Architecture |
| Arrived date list | April2015 |
| -- | May2016 |
| 700 1# - ADDED ENTRY--PERSONAL NAME | |
| Personal name | Ankrah, Nii. |
| 9 (RLIN) | 37740 |
| 942 ## - ADDED ENTRY ELEMENTS (KOHA) | |
| Source of classification or shelving scheme | Dewey Decimal Classification |
| Call number prefix | 624.0681 POT |
| Withdrawn status | Item status | Source of classification or shelving scheme | Damaged status | Not for loan | Vendor | Home library | Current library | Shelving location | Date acquired | Source of acquisition | Cost, normal purchase price | Serial Enumeration / chronology | Total Checkouts | Total Renewals | Full call number | Barcode | Date last seen | Date last borrowed | Cost, replacement price | Koha item type |
|---|---|---|---|---|---|---|---|---|---|---|---|---|---|---|---|---|---|---|---|---|
| Dewey Decimal Classification | Baccah | Central Library | Central Library | First floor | 27/04/2015 | 366.00 | 2447 | 4 | 16 | 624.0681 POT | 000038081 | 15/07/2025 | 15/02/2020 | 457.50 | Book - Borrowing | |||||
| Dewey Decimal Classification | Alahram | Central Library | Central Library | First floor | 03/05/2016 | Purchase | 297.00 | 2 | 7 | 624.0681 POT | 000032418 | 15/07/2025 | 10/12/2020 | 371.25 | Book - Borrowing |